Escape the Backrooms Entities Quiz - Statistics

General Stats
  • This quiz has been taken 189 times
  • The average score is 15 of 22
Answer Stats
Levels Entities % Correct
Level 0 Bacteria/Howler
92%
Level 1 (2) Smiler
89%
Level 2 Smiler
89%
Level ! (1) Smiler
89%
Level Fun Partygoer
84%
Level ! (2) Partygoer
84%
Level 3 Hound
83%
Level 5 (2) Hound
83%
Level 1 (1) Skin-Stealer
83%
Level 5 (1) Skin-Stealer
83%
Level 8 (2) Skin-Stealer
83%
Level 5 (3) Deathmoth
62%
Level 8 (1) Deathmoth
62%
Level 9 (3) Deathmoth
62%
Level 6 Wretch
60%
Level 9 (2) Wretch
60%
Level 94 (1) Animation
50%
Level 10 Faceling
50%
Level 94 (2) Animated King
46%
Level 7 The Thing on level 7
46%
Level The End Scratcher
42%
Level 9 (1) Neighbourhood Watch
19%
No matching quizzes found
Score Distribution
Percent of People with Each Score
Percentile by Number Answered
Your Score History
You have not taken this quiz